| 000 | 00484nam a2200181Ia 4500 | ||
|---|---|---|---|
| 003 | GCL | ||
| 008 | 140319s9999 xx 000 0 eng d | ||
| 040 |
_aGCL / _cGCL |
||
| 082 | 0 | 4 |
_aCH _b423 _bW G |
| 100 | 1 | _aWILLIANS, JOHN | |
| 245 | 1 | 0 |
_a1000 GERMAN WORDS / _cWILLIANS, JOHN |
| 260 |
_a[S.N] : _bWORLD INTERNATIONAL PUBLISHING LTD ، _c1993 |
||
| 300 | _a64 | ||
| 650 | 0 | 4 | _aGERMAN LANGUAGE |
| 650 | 0 | 4 | _aENCYCLOPEDIAS AND DICTIONARIES |
| 650 | 0 | 4 | _aLANGUAGES |
| 942 |
_2ddc _cBK |
||
| 999 |
_c17611 _d17611 |
||